<?xml version="1.0" encoding="UTF-8"?>
<record
    xmlns:xsi="http://www.w3.org/2001/XMLSchema-instance"
    xsi:schemaLocation="http://www.loc.gov/MARC21/slim http://www.loc.gov/standards/marcxml/schema/MARC21slim.xsd"
    xmlns="http://www.loc.gov/MARC21/slim">

  <leader>01261nam0a22002771  4500</leader>
  <controlfield tag="001">rc\3552452</controlfield>
  <controlfield tag="005">20250610020919.0</controlfield>
  <datafield tag="021" ind1=" " ind2=" ">
    <subfield code="a">RU</subfield>
    <subfield code="b">&#x420;&#x433;4835-73</subfield>
  </datafield>
  <datafield tag="035" ind1=" " ind2=" ">
    <subfield code="a">(NLR Aleph) 007638905</subfield>
  </datafield>
  <datafield tag="090" ind1=" " ind2=" ">
    <subfield code="a">6104728</subfield>
    <subfield code="c">6104728</subfield>
  </datafield>
  <datafield tag="100" ind1=" " ind2=" ">
    <subfield code="a">20130115d1972    |||y0rusy50      ca</subfield>
  </datafield>
  <datafield tag="101" ind1="0" ind2=" ">
    <subfield code="a">rus</subfield>
  </datafield>
  <datafield tag="102" ind1=" " ind2=" ">
    <subfield code="a">RU</subfield>
  </datafield>
  <datafield tag="105" ind1=" " ind2=" ">
    <subfield code="a">y   b   |||||</subfield>
  </datafield>
  <datafield tag="200" ind1="1" ind2=" ">
    <subfield code="a">[&#x41A;&#x430;&#x442;&#x430;&#x43B;&#x43E;&#x433;]</subfield>
    <subfield code="f">[&#x410;&#x432;&#x442;. &#x432;&#x441;&#x442;&#x443;&#x43F;. &#x441;&#x442;&#x430;&#x442;&#x44C;&#x438; &#x438; &#x441;&#x43E;&#x441;&#x442;. &#x415;.&#x42F;. &#x415;&#x440;&#x43C;&#x43E;&#x43B;&#x430;&#x435;&#x432;]</subfield>
    <subfield code="g">&#x41E;&#x442;&#x434;. &#x43A;&#x443;&#x43B;&#x44C;&#x442;&#x443;&#x440;&#x44B; &#x418;&#x441;&#x43F;&#x43E;&#x43B;&#x43A;&#x43E;&#x43C;&#x430; &#x417;&#x430;&#x433;&#x43E;&#x440;. &#x421;&#x43E;&#x432;&#x435;&#x442;&#x430; &#x434;&#x435;&#x43F;&#x443;&#x442;&#x430;&#x442;&#x43E;&#x432; &#x442;&#x440;&#x443;&#x434;&#x44F;&#x449;&#x438;&#x445;&#x441;&#x44F;. &#x41C;&#x43E;&#x441;&#x43A;. &#x43E;&#x431;&#x43B;. &#x43E;&#x440;&#x433;&#x430;&#x43D;&#x438;&#x437;&#x430;&#x446;&#x438;&#x44F; &#x421;&#x43E;&#x44E;&#x437;&#x430; &#x445;&#x443;&#x434;&#x43E;&#x436;&#x43D;&#x438;&#x43A;&#x43E;&#x432; &#x420;&#x421;&#x424;&#x421;&#x420;. &#x432;&#x44B;&#x441;&#x442;&#x430;&#x432;&#x43A;&#x430; &#x43F;&#x440;&#x43E;&#x438;&#x437;&#x432;&#x435;&#x434;&#x435;&#x43D;&#x438;&#x439; &#x445;&#x443;&#x434;&#x43E;&#x436;&#x43D;&#x438;&#x43A;&#x43E;&#x432; &#x433;. &#x417;&#x430;&#x433;&#x43E;&#x440;&#x441;&#x43A;&#x430;, &#x43F;&#x43E;&#x441;&#x432;&#x44F;&#x449;. 30-&#x43B;&#x435;&#x442;&#x438;&#x44E; &#x440;&#x430;&#x437;&#x433;&#x440;&#x43E;&#x43C;&#x430; &#x43D;&#x435;&#x43C;&#x435;&#x446;&#x43A;&#x43E;-&#x444;&#x430;&#x448;&#x438;&#x441;&#x442;&#x441;&#x43A;&#x438;&#x445; &#x432;&#x43E;&#x439;&#x441;&#x43A; &#x43F;&#x43E;&#x434; &#x41C;&#x43E;&#x441;&#x43A;&#x432;&#x43E;&#x439;</subfield>
  </datafield>
  <datafield tag="210" ind1=" " ind2=" ">
    <subfield code="a">[&#x417;&#x430;&#x433;&#x43E;&#x440;&#x441;&#x43A;]</subfield>
    <subfield code="c">&#x411;. &#x438;.</subfield>
    <subfield code="d">1972</subfield>
  </datafield>
  <datafield tag="215" ind1=" " ind2=" ">
    <subfield code="a">14 &#x441;.</subfield>
    <subfield code="d">21</subfield>
  </datafield>
  <datafield tag="532" ind1="1" ind2="3">
    <subfield code="a">&#x41A;&#x430;&#x442;&#x430;&#x43B;&#x43E;&#x433;</subfield>
  </datafield>
  <datafield tag="702" ind1=" " ind2="1">
    <subfield code="a">&#x415;&#x440;&#x43C;&#x43E;&#x43B;&#x430;&#x435;&#x432;</subfield>
    <subfield code="b">&#x415;.&#x42F;.</subfield>
    <subfield code="4">080</subfield>
    <subfield code="4">220</subfield>
  </datafield>
  <datafield tag="710" ind1="1" ind2="2">
    <subfield code="a">&#x412;&#x44B;&#x441;&#x442;&#x430;&#x432;&#x43A;&#x430; &#x43F;&#x440;&#x43E;&#x438;&#x437;&#x432;&#x435;&#x434;&#x435;&#x43D;&#x438;&#x439; &#x445;&#x443;&#x434;&#x43E;&#x436;&#x43D;&#x438;&#x43A;&#x43E;&#x432; &#x433;&#x43E;&#x440;&#x43E;&#x434;&#x430; &#x417;&#x430;&#x433;&#x43E;&#x440;&#x441;&#x43A;&#x430; (1972; &#x417;&#x430;&#x433;&#x43E;&#x440;&#x441;&#x43A;)</subfield>
  </datafield>
  <datafield tag="801" ind1=" " ind2="0">
    <subfield code="a">RU</subfield>
    <subfield code="b">NLR</subfield>
    <subfield code="g">psbo</subfield>
  </datafield>
  <datafield tag="801" ind1=" " ind2="1">
    <subfield code="a">RU</subfield>
    <subfield code="b">ELAR</subfield>
    <subfield code="2">rusmarc</subfield>
  </datafield>
  <datafield tag="852" ind1=" " ind2=" ">
    <subfield code="a">NLR</subfield>
    <subfield code="b">&#x42D;</subfield>
    <subfield code="j">&#x41A;&#x417;143/1972</subfield>
  </datafield>
  <datafield tag="942" ind1=" " ind2=" ">
    <subfield code="c">BOOK</subfield>
  </datafield>
  <datafield tag="980" ind1=" " ind2=" ">
    <subfield code="a">NB</subfield>
  </datafield>
  <datafield tag="995" ind1=" " ind2=" ">
    <subfield code="5">2013-10-26</subfield>
    <subfield code="b">NLR02</subfield>
    <subfield code="c">NLR02</subfield>
    <subfield code="e">EST</subfield>
    <subfield code="f">7638905-10</subfield>
    <subfield code="k">&#x42D; &#x41A;&#x417;143/1972</subfield>
    <subfield code="o">0</subfield>
    <subfield code="r">BOOK</subfield>
    <subfield code="s">_1431972</subfield>
  </datafield>
</record>
